[Event "Paul Keres mem. (43rd)"]
[Site "Richmond CAN"]
[Date "2018.05.19"]
[Round "1.7"]
[White "Kriventsov, Stanislav"]
[Black "Zhou, Aiden"]
[Result "1-0"]
[WhiteElo "2289"]
[BlackElo "2030"]
[PlyCount "81"]
[EventDate "2018.05.19"]
[EventType "swiss"]
[EventRounds "6"]
[EventCountry "CAN"]

1. e4 e6 2. d4 d5 3. Nc3 Nf6 4. Bg5 Bb4 5. e5 h6 6. Bd2 Bxc3 7. bxc3 Ne4 8. Qg4
g6 9. Bd3 Nxd2 10. Kxd2 c5 11. h4 c4 12. Be2 Nc6 13. Rh3 h5 14. Qf4 Qe7 15. Rf3
b5 16. a3 a5 17. Nh3 Rb8 18. Ng5 Nd8 19. Qf6 Qxf6 20. Rxf6 Rb7 21. Bf3 Rc7 22.
Rb1 Bd7 23. Rh1 b4 24. axb4 axb4 25. cxb4 c3+ 26. Ke3 Ba4 27. Rc1 Rc4 28. Nxf7
Nxf7 29. Rxe6+ Kd7 30. Bxd5 Rxb4 31. Ra6 Nd8 32. Rxg6 Nc6 33. Bxc6+ Bxc6 34. d5
Bb5 35. Ra1 Ba4 36. Rg7+ Kc8 37. Ra3 Rxh4 38. f4 Rg4 39. Rxg4 hxg4 40. Rxa4 Kd7
41. Ra7+ 1-0

[Event "Paul Keres mem. (43rd)"]
[Site "Richmond CAN"]
[Date "2018.05.19"]
[Round "2.3"]
[White "Schnabel, Bennett"]
[Black "Kriventsov, Stanislav"]
[Result "0-1"]
[WhiteElo "2101"]
[BlackElo "2289"]
[PlyCount "62"]
[EventDate "2018.05.19"]
[EventType "swiss"]
[EventRounds "6"]
[EventCountry "CAN"]

1. e4 c5 2. c3 Nf6 3. e5 Nd5 4. d4 cxd4 5. cxd4 e6 6. a3 d6 7. Nf3 Nd7 8. Bd3
Qc7 9. O-O dxe5 10. dxe5 g6 11. Nbd2 Bg7 12. Nc4 O-O 13. Qe2 b5 14. Nd6 a6 15.
a4 Nxe5 16. Nxc8 Nxd3 17. Qxd3 b4 18. Bd2 Rfxc8 19. Rac1 Qa5 20. b3 Nc3 21. Bg5
e5 22. Qe3 e4 23. Nd2 Bd4 24. Rxc3 Bxe3 25. Rxc8+ Rxc8 26. Bxe3 f5 27. Nc4 Rxc4
28. bxc4 Qxa4 29. c5 b3 30. Bc1 Qa2 31. c6 Qc2 0-1

[Event "Paul Keres mem. (43rd)"]
[Site "Richmond CAN"]
[Date "2018.05.20"]
[Round "3.3"]
[White "Kriventsov, Stanislav"]
[Black "Botez, Andrea"]
[Result "1-0"]
[WhiteElo "2289"]
[BlackElo "1880"]
[PlyCount "59"]
[EventDate "2018.05.19"]
[EventType "swiss"]
[EventRounds "6"]
[EventCountry "CAN"]

1. e4 g6 2. d4 d6 3. Nc3 Bg7 4. Be3 a6 5. Qd2 b5 6. f3 Nd7 7. g4 h6 8. Nge2 Bb7
9. h4 b4 10. Nd1 c5 11. c3 a5 12. Ng3 e6 13. Bb5 Rc8 14. h5 g5 15. a3 b3 16. c4
Bc6 17. Nc3 Qf6 18. d5 Qxf3 19. dxc6 Ne5 20. Rg1 Ke7 21. Rd1 Rxc6 22. Bxc5 Nd3+
23. Qxd3 Qxd3 24. Rxd3 Rxc5 25. Ke2 Nf6 26. Kf3 Nd7 27. Bxd7 Kxd7 28. Na4 Rc7
29. c5 Rc6 30. Rgd1 1-0

[Event "National op"]
[Site "Las Vegas USA"]
[Date "2006.06.16"]
[Round "2"]
[White "Kriventsov, Stanislav"]
[Black "Bick, John"]
[Result "1/2-1/2"]
[WhiteElo "2449"]
[BlackElo "2238"]
[PlyCount "28"]
[EventDate "2006.06.16"]
[EventType "swiss"]
[EventRounds "6"]
[EventCountry "USA"]
[Source "Mark Crowther"]
[SourceDate "2006.06.19"]

1. e4 e5 2. Nf3 Nf6 3. Nxe5 d6 4. Nf3 Nxe4 5. d4 d5 6. Bd3 Bd6 7. O-O O-O 8. c4
c6 9. Re1 Bf5 10. Nc3 Nxc3 11. bxc3 Bxd3 12. Qxd3 dxc4 13. Qxc4 Qc7 14. h3 Nd7
1/2-1/2

[Event "Las Vegas Masters"]
[Site "Las Vegas USA"]
[Date "2006.06.10"]
[Round "1"]
[White "Kriventsov, Stanislav"]
[Black "Puri, Vinny"]
[Result "1-0"]
[WhiteElo "2449"]
[BlackElo "2246"]
[PlyCount "87"]
[EventDate "2006.06.10"]
[EventType "swiss"]
[EventRounds "9"]
[EventCountry "USA"]
[Source "Mark Crowther"]
[SourceDate "2006.06.12"]

1. e4 e5 2. Nf3 Nc6 3. Bb5 Nf6 4. O-O Nxe4 5. d4 Nd6 6. dxe5 Nxb5 7. a4 Nbd4 8.
Nxd4 Nxd4 9. Qxd4 d5 10. exd6 Qxd6 11. Qe3+ Be7 12. Nc3 O-O 13. Nb5 Qd8 14. Qg3
Bf5 15. Bf4 c6 16. Nc7 Rb8 17. Rad1 Qc8 18. Rfe1 Bf6 19. c3 Bc2 20. Rc1 Qf5 21.
Nd5 Rbe8 22. Ne3 Qg6 23. Rxc2 Rxe3 24. Qxe3 Qxc2 25. Bd6 g6 26. Bxf8 Kxf8 27.
Qh6+ Bg7 28. Qf4 Kg8 29. Re8+ Bf8 30. h3 Qxb2 31. Qd6 Qc1+ 32. Kh2 Qh6 33. g3
Qg7 34. Rb8 h5 35. h4 a5 36. c4 b6 37. Qxc6 Kh7 38. Qxb6 Bb4 39. Qe3 Qf6 40.
Rb6 Qf5 41. Qf4 Qd7 42. Qe5 Bf8 43. Qd5 Qe8 44. Rb7 1-0

[Event "Las Vegas Masters"]
[Site "Las Vegas USA"]
[Date "2006.06.10"]
[Round "2"]
[White "Kritz, Leonid"]
[Black "Kriventsov, Stanislav"]
[Result "1/2-1/2"]
[WhiteElo "2578"]
[BlackElo "2449"]
[PlyCount "100"]
[EventDate "2006.06.10"]
[EventType "swiss"]
[EventRounds "9"]
[EventCountry "USA"]
[Source "Mark Crowther"]
[SourceDate "2006.06.12"]

1. e4 e6 2. d4 d5 3. Nc3 Nf6 4. Bg5 dxe4 5. Nxe4 Nbd7 6. Nf3 h6 7. Nxf6+ Nxf6
8. Be3 Bd6 9. Qd2 Nd5 10. O-O-O Qe7 11. Bc4 Nxe3 12. Qxe3 O-O 13. Rhe1 Bd7 14.
Ne5 Bxe5 15. Qxe5 Qd6 16. d5 Qxe5 17. Rxe5 Rae8 18. dxe6 Bxe6 19. Rde1 c6 20.
f3 Bd7 21. Re7 Be6 22. Rxe8 Rxe8 23. Bxe6 Rxe6 24. Rxe6 fxe6 25. Kd2 Kf7 26.
Ke3 Kf6 27. Ke4 e5 28. a4 b6 29. b4 Ke6 30. c4 a5 31. b5 cxb5 32. cxb5 Kd6 33.
Kf5 Kc5 34. Kxe5 Kb4 35. Kd5 Kxa4 36. Kc6 Kb3 37. Kxb6 a4 38. Kc5 a3 39. b6 a2
40. b7 a1=Q 41. b8=Q+ Kc2 42. Qg3 Qf6 43. Qg4 Kd2 44. f4 Ke1 45. Kd5 Kf2 46.
Qg3+ Kf1 47. Qf3+ Kg1 48. h3 Qf5+ 49. Kd4 Qf6+ 50. Kd5 Qf5+ 1/2-1/2

[Event "Las Vegas Masters"]
[Site "Las Vegas USA"]
[Date "2006.06.11"]
[Round "3"]
[White "Kriventsov, Stanislav"]
[Black "Sevillano, Enrico"]
[Result "1/2-1/2"]
[WhiteElo "2449"]
[BlackElo "2472"]
[PlyCount "38"]
[EventDate "2006.06.10"]
[EventType "swiss"]
[EventRounds "9"]
[EventCountry "USA"]
[Source "Mark Crowther"]
[SourceDate "2006.06.12"]

1. e4 c5 2. Nf3 d6 3. d4 cxd4 4. Nxd4 Nf6 5. Nc3 a6 6. f3 e5 7. Nb3 Be6 8. Be3
Nbd7 9. Qd2 b5 10. a4 b4 11. Nd5 Bxd5 12. exd5 Nb6 13. Bxb6 Qxb6 14. a5 Qb7 15.
Bc4 Be7 16. Ra4 Rb8 17. Qd3 Ra8 18. Qd2 Rb8 19. Qd3 Ra8 1/2-1/2

[Event "Las Vegas Masters"]
[Site "Las Vegas USA"]
[Date "2006.06.11"]
[Round "4"]
[White "Mikhalevski, Victor"]
[Black "Kriventsov, Stanislav"]
[Result "1-0"]
[WhiteElo "2566"]
[BlackElo "2449"]
[PlyCount "61"]
[EventDate "2006.06.10"]
[EventType "swiss"]
[EventRounds "9"]
[EventCountry "USA"]
[Source "Mark Crowther"]
[SourceDate "2006.06.12"]

1. d4 d5 2. Nf3 Nf6 3. c4 e6 4. g3 Bb4+ 5. Bd2 Be7 6. Bg2 c6 7. Qc2 O-O 8. O-O
b6 9. Bf4 Ba6 10. b3 Nbd7 11. Rd1 Rc8 12. Nc3 Qe8 13. h3 dxc4 14. Nd2 Nd5 15.
bxc4 Nxf4 16. gxf4 b5 17. c5 b4 18. Nce4 Bxe2 19. Re1 Bb5 20. f5 Rb8 21. Nc4
Nf6 22. Ned6 Bxd6 23. Nxd6 Qd7 24. Qb3 exf5 25. Qg3 g6 26. Qg5 Ne8 27. Re7 Qd8
28. Nxf5 Kh8 29. Qh6 Rg8 30. Rxf7 Nf6 31. Nd6 1-0

[Event "Las Vegas Masters"]
[Site "Las Vegas USA"]
[Date "2006.06.12"]
[Round "5"]
[White "Kriventsov, Stanislav"]
[Black "Hess, Robert"]
[Result "1/2-1/2"]
[WhiteElo "2449"]
[BlackElo "2354"]
[PlyCount "25"]
[EventDate "2006.06.10"]
[EventType "swiss"]
[EventRounds "9"]
[EventCountry "USA"]
[Source "Mark Crowther"]
[SourceDate "2006.06.19"]

1. e4 e5 2. Nf3 Nc6 3. Bb5 a6 4. Ba4 d6 5. O-O Bd7 6. c3 Nge7 7. d4 Ng6 8. Re1
Be7 9. Nbd2 h6 10. Nf1 Bg5 11. Ne3 Bxe3 12. Bxe3 O-O 13. dxe5 1/2-1/2

[Event "Las Vegas Masters"]
[Site "Las Vegas USA"]
[Date "2006.06.13"]
[Round "7"]
[White "Kriventsov, Stanislav"]
[Black "Bick, John"]
[Result "1-0"]
[WhiteElo "2449"]
[BlackElo "2238"]
[PlyCount "57"]
[EventDate "2006.06.10"]
[EventType "swiss"]
[EventRounds "9"]
[EventCountry "USA"]
[Source "Mark Crowther"]
[SourceDate "2006.06.19"]

1. e4 e5 2. Nf3 Nf6 3. Nxe5 d6 4. Nc4 Nxe4 5. Nc3 Nxc3 6. dxc3 Be7 7. Bf4 O-O
8. Qd2 Nd7 9. O-O-O Nc5 10. Kb1 Ne6 11. Bg3 f5 12. f4 Nc5 13. Bd3 Be6 14. Rhe1
Kh8 15. Bf2 Bxc4 16. Bxc4 Ne4 17. Qe2 c6 18. Be6 Bf6 19. Bxf5 Nxf2 20. Qh5 g6
21. Bxg6 Qc7 22. Rd2 Rg8 23. Bf5 Rxg2 24. Rxd6 Rag8 25. Rxf6 Rg1 26. Rfe6 Qd7
27. a3 R8g6 28. Bxg6 Rxg6 29. Rxg6 1-0

[Event "Las Vegas Masters"]
[Site "Las Vegas USA"]
[Date "2006.06.14"]
[Round "9"]
[White "Kriventsov, Stanislav"]
[Black "Taylor, Timothy"]
[Result "1-0"]
[WhiteElo "2449"]
[BlackElo "2330"]
[PlyCount "65"]
[EventDate "2006.06.10"]
[EventType "swiss"]
[EventRounds "9"]
[EventCountry "USA"]
[Source "Mark Crowther"]
[SourceDate "2006.06.19"]

1. e4 Nc6 2. Nf3 d6 3. d4 Nf6 4. d5 Ne5 5. Nxe5 dxe5 6. Bd3 e6 7. c4 Bc5 8. O-O
exd5 9. cxd5 O-O 10. h3 a6 11. Qe2 b5 12. a4 Bb7 13. axb5 axb5 14. Rxa8 Qxa8
15. Bxb5 Nxe4 16. Qxe4 Bxd5 17. Qxe5 Bd6 18. Qg5 f6 19. Qg4 f5 20. Qg5 Rf6 21.
Re1 c6 22. Bf1 f4 23. Nc3 h6 24. Qg4 Bf7 25. Qd7 f3 26. Ne4 Re6 27. Bc4 Qa5 28.
Bd2 Qxd2 29. Nxd2 Rxe1+ 30. Bf1 Bb4 31. Nxf3 Rc1 32. Ne5 Bd5 33. Nd3 1-0

[Event "Schaumburg GM-A"]
[Site "Schaumburg USA"]
[Date "2006.04.18"]
[Round "2"]
[White "Kriventsov, Stanislav"]
[Black "Smetankin, Stanislav"]
[Result "0-1"]
[WhiteElo "2449"]
[BlackElo "2486"]
[PlyCount "78"]
[EventDate "2006.04.18"]
[EventType "tourn"]
[EventRounds "9"]
[EventCountry "USA"]
[EventCategory "10"]
[Source "ChessBase"]
[SourceDate "2006.05.09"]

1. e4 c5 2. Nf3 d6 3. d4 cxd4 4. Nxd4 Nf6 5. Nc3 a6 6. Be3 e6 7. g4 Nc6 8. g5
Nd7 9. h4 Qc7 10. h5 b5 11. Nxc6 Qxc6 12. Bg2 Ne5 13. a4 b4 14. Ne2 Nc4 15. Bc1
e5 16. b3 Nb6 17. a5 Nd7 18. Bd2 Rb8 19. Nc1 Nc5 20. Na2 Nxe4 21. Nxb4 Rxb4 22.
Bxb4 d5 23. Bd2 Be7 24. Bxe4 dxe4 25. Be3 O-O 26. c4 Be6 27. Rg1 Rd8 28. Qc2
Bb4+ 29. Kf1 Bh3+ 30. Ke2 Rd3 31. Ra4 Bc3 32. Rg3 Qd7 33. f3 exf3+ 34. Kf2 Rxe3
35. Kxe3 Qd4+ 36. Kxf3 Qf4+ 37. Ke2 Qxg3 38. Qe4 Bg4+ 39. Kf1 Bf3 0-1

[Event "Schaumburg GM-A"]
[Site "Schaumburg USA"]
[Date "2006.04.22"]
[Round "9"]
[White "Kriventsov, Stanislav"]
[Black "Margvelashvili, Giorgi"]
[Result "0-1"]
[WhiteElo "2449"]
[BlackElo "2441"]
[PlyCount "88"]
[EventDate "2006.04.18"]
[EventType "tourn"]
[EventRounds "9"]
[EventCountry "USA"]
[EventCategory "10"]
[Source "ChessBase"]
[SourceDate "2006.05.09"]

1. e4 c5 2. Nf3 d6 3. d4 cxd4 4. Nxd4 Nf6 5. Nc3 a6 6. Be3 Ng4 7. Bg5 h6 8. Bh4
g5 9. Bg3 Bg7 10. h3 Ne5 11. Nf5 Bxf5 12. exf5 Nbc6 13. Bd3 Qa5 14. O-O Nxd3
15. Qxd3 Bxc3 16. bxc3 f6 17. Rab1 O-O-O 18. Rb3 Rd7 19. Rfb1 Kb8 20. Rb6 Ka8
21. Qc4 Rc8 22. Qe6 Nb8 23. c4 Qa4 24. R1b4 Qxc2 25. a3 Qc1+ 26. Kh2 Qxa3 27.
f3 Qd3 28. Bf2 h5 29. Rxa6+ bxa6 30. Rxb8+ Kxb8 31. Qxd7 Rc7 32. Qd8+ Kb7 33.
Ba7 Qxc4 34. Qb8+ Kc6 35. Qe8+ Kd5 36. Be3 Qd3 37. Qg8+ Kc6 38. Qa8+ Kd7 39.
Bb6 Qxf5 40. Bxc7 Qf4+ 41. Kh1 Qc1+ 42. Kh2 Qxc7 43. Qxa6 d5+ 44. Kh1 h4 0-1

[Event "Foxwoods op"]
[Site "Ledyards USA"]
[Date "2006.04.12"]
[Round "1"]
[White "Kriventsov, Stanislav"]
[Black "Strenzwilk, Denis"]
[Result "1-0"]
[WhiteElo "2449"]
[BlackElo "2100"]
[PlyCount "77"]
[EventDate "2006.04.12"]
[EventType "swiss"]
[EventRounds "9"]
[EventCountry "USA"]
[Source "Mark Crowther"]
[SourceDate "2006.04.24"]

1. e4 d5 2. exd5 Nf6 3. Nf3 Nxd5 4. d4 Bg4 5. c4 Nb6 6. c5 N6d7 7. Bc4 e6 8. h3
Bh5 9. O-O Be7 10. Nc3 O-O 11. Be3 Nc6 12. Bb5 e5 13. Bxc6 bxc6 14. g4 Bg6 15.
Nxe5 Nxe5 16. dxe5 Bd3 17. Re1 Rb8 18. Qf3 Qe8 19. Rad1 Bg6 20. Qe2 f5 21. f4
fxg4 22. hxg4 h5 23. f5 Bh7 24. Rf1 hxg4 25. Qxg4 Rxb2 26. Bd4 Bxc5 27. e6 Qe7
28. Ne4 Bxd4+ 29. Rxd4 Bxf5 30. Rxf5 Rxf5 31. Qxf5 Qh4 32. Nf6+ Qxf6 33. Qxf6
gxf6 34. Rd8+ Kg7 35. e7 Re2 36. e8=Q Rxe8 37. Rxe8 Kf7 38. Rc8 Ke6 39. Rxc7
1-0

[Event "USA-ch GpB"]
[Site "San Diego USA"]
[Date "2006.03.02"]
[Round "1"]
[White "Kaidanov, Gregory"]
[Black "Kriventsov, Stanislav"]
[Result "1/2-1/2"]
[WhiteElo "2603"]
[BlackElo "2449"]
[PlyCount "67"]
[EventDate "2006.03.02"]
[EventType "swiss"]
[EventRounds "9"]
[EventCountry "USA"]
[Source "Mark Crowther"]
[SourceDate "2006.03.06"]

1. Nf3 d5 2. d4 Nf6 3. c4 dxc4 4. Nc3 c5 5. d5 e6 6. e4 exd5 7. e5 d4 8. Bxc4
dxc3 9. Bxf7+ Ke7 10. exf6+ gxf6 11. Qb3 Qb6 12. O-O Qxb3 13. Bxb3 Bg4 14. Re1+
Kd8 15. Ng5 fxg5 16. Bxg5+ Kc7 17. Bf6 cxb2 18. Bxb2 Bd6 19. Bxh8 Nc6 20. Bb2
Rf8 21. f3 Bf5 22. Rad1 b5 23. Be6 Bg6 24. Bd5 Nb4 25. a3 Nd3 26. Re2 c4 27.
Bg7 Rd8 28. Be4 Bxe4 29. Rxe4 Bxa3 30. Kf1 Bc5 31. Rb1 Kc6 32. Rh4 Rd7 33. Rh6+
Kd5 34. Rh5+ 1/2-1/2

[Event "USA-ch GpB"]
[Site "San Diego USA"]
[Date "2006.03.05"]
[Round "3"]
[White "Liu, Elliott"]
[Black "Kriventsov, Stanislav"]
[Result "0-1"]
[WhiteElo "2139"]
[BlackElo "2449"]
[PlyCount "80"]
[EventDate "2006.03.02"]
[EventType "swiss"]
[EventRounds "9"]
[EventCountry "USA"]
[Source "Mark Crowther"]
[SourceDate "2006.03.06"]

1. e4 c5 2. Nf3 e6 3. d4 cxd4 4. Nxd4 a6 5. Nc3 b5 6. Bd3 d6 7. O-O Nf6 8. f4
Bb7 9. Qf3 Nbd7 10. Be3 Rc8 11. Rae1 Nc5 12. a3 h5 13. Kh1 Be7 14. Bg1 h4 15.
Qh3 Nh5 16. Be2 Bf6 17. Bxh5 Rxh5 18. Qg4 Rh6 19. f5 h3 20. g3 e5 21. Nf3 Na4
22. Nxa4 bxa4 23. Be3 Rh8 24. c3 Qd7 25. Bg5 Ke7 26. Rd1 Qb5 27. Rf2 Rc4 28.
Re2 Rxc3 29. Nxe5 Rb3 30. Bxf6+ gxf6 31. Nxf7 Rd3 32. Rde1 Rh7 33. Nh6 Kd7 34.
Qf4 Rd4 35. Kg1 Qc5 36. Kf1 Bc6 37. Rc1 Qb6 38. Ng8 Rf7 39. Rd2 Rxd2 40. Qxd2
Bb5+ 0-1

[Event "USA-ch GpB"]
[Site "San Diego USA"]
[Date "2006.03.09"]
[Round "7"]
[White "Kriventsov, Stanislav"]
[Black "Fishbein, Alexander"]
[Result "0-1"]
[WhiteElo "2449"]
[BlackElo "2519"]
[PlyCount "236"]
[EventDate "2006.03.02"]
[EventType "swiss"]
[EventRounds "9"]
[EventCountry "USA"]
[Source "Mark Crowther"]
[SourceDate "2006.03.13"]

1. e4 c5 2. Nf3 d6 3. d4 cxd4 4. Nxd4 Nf6 5. Nc3 Nc6 6. Bg5 e6 7. Qd2 Be7 8.
O-O-O O-O 9. f3 Nxd4 10. Qxd4 a6 11. h4 b5 12. Kb1 Qc7 13. Qd2 Rd8 14. g4 Bb7
15. Ne2 Rac8 16. Ng3 d5 17. e5 Ne4 18. fxe4 dxe4 19. Qe2 Bxg5 20. hxg5 Qxe5 21.
Rg1 Rxd1+ 22. Qxd1 Qxg5 23. Bg2 Rd8 24. Qe1 Qxg4 25. Bxe4 Bxe4 26. Nxe4 Qf3 27.
Rf1 Qh5 28. Rh1 Qf5 29. a3 h6 30. Rg1 Qe5 31. Qh4 Rd4 32. Nf6+ Kf8 33. Ng4 Qe2
34. Qg3 Rd1+ 35. Rxd1 Qxd1+ 36. Ka2 Qd5+ 37. b3 f6 38. Nf2 Qd4 39. Qb8+ Kf7 40.
Qc7+ Kg6 41. Nd3 e5 42. Qc6 e4 43. Nf4+ Kf5 44. Ne6 Qe5 45. Nxg7+ Kf4 46. Ne6+
Kg3 47. Nc5 f5 48. Nxa6 Qf4 49. Nb4 h5 50. Qg6+ Qg4 51. Qd6+ f4 52. Nd5 h4 53.
Qe5 Kf3 54. Nf6 Qg6 55. Nd5 Qg4 56. Nc3 e3 57. Qxb5 Kg2 58. Qc4 h3 59. Nd5 Kg3
60. Qe4 Qf3 61. Qg6+ Kf2 62. Nf6 Qg2 63. Qf5 Kg1 64. Nd5 h2 65. Nxf4 h1=Q 66.
Nxg2 Qxg2 67. Qc5 Qf2 68. Kb2 e2 69. Qg5+ Kf1 70. Qb5 Qd4+ 71. Kc1 Qf4+ 72. Kb2
Qd4+ 73. Kc1 Qe3+ 74. Kb2 Kf2 75. Qf5+ Qf3 76. Qc5+ Kg2 77. Qg5+ Qg3 78. Qd5+
Kf2 79. Qc5+ Kf1 80. Qf5+ Kg2 81. Qd5+ Qf3 82. Qg5+ Kf1 83. Qb5 Qe4 84. a4 Kf2
85. Qc5+ Kf3 86. Qh5+ Qg4 87. Qd5+ Kf2 88. Qc5+ Kf1 89. Qb5 Qd4+ 90. Kc1 Qa1+
91. Kd2 Qd4+ 92. Kc1 Qe3+ 93. Kb2 Ke1 94. Qd5 Kf2 95. Qf5+ Qf3 96. Qc5+ Kf1 97.
Qb5 Qf6+ 98. Kc1 Qa1+ 99. Kd2 Qe1+ 100. Kd3 Qg3+ 101. Kd4 Qf4+ 102. Kd5 Qf5+
103. Kc6 Qxb5+ 104. axb5 e1=Q 105. c4 Qe4+ 106. Kc7 Qf4+ 107. Kb7 Qf3+ 108. Kb6
Ke2 109. c5 Kd3 110. c6 Kd4 111. Ka7 Qf7+ 112. Kb8 Qe8+ 113. Kb7 Kc5 114. b4+
Kxb5 115. c7 Qd7 116. Kb8 Kb6 117. c8=N+ Ka6 118. b5+ Kxb5 0-1

[Event "North American op (24th)"]
[Site "Stillwater USA"]
[Date "2005.05.28"]
[Round "4"]
[White "Kriventsov, Stanislav"]
[Black "Kudrin, Sergey"]
[Result "1/2-1/2"]
[WhiteElo "2409"]
[BlackElo "2554"]
[PlyCount "50"]
[EventDate "2005.05.27"]
[EventType "swiss"]
[EventRounds "6"]
[EventCountry "USA"]
[Source "Mark Crowther"]
[SourceDate "2005.06.06"]

1. e4 c5 2. Nf3 d6 3. d4 cxd4 4. Nxd4 Nf6 5. Nc3 g6 6. Be3 Bg7 7. f3 O-O 8. Qd2
Nc6 9. O-O-O d5 10. exd5 Nxd5 11. Nxc6 bxc6 12. Bd4 e5 13. Bc5 Be6 14. Ne4 Re8
15. g4 Qc7 16. h4 h6 17. g5 h5 18. Bc4 Red8 19. Qf2 Qa5 20. a3 Nf4 21. Rxd8+
Rxd8 22. Bxe6 Nxe6 23. Bxa7 Nd4 24. Bc5 Qb5 25. Re1 Rb8 1/2-1/2

[Event "April FIDE"]
[Site "Tulsa USA"]
[Date "2005.04.16"]
[Round "3"]
[White "Berry, Frank"]
[Black "Kriventsov, Stanislav"]
[Result "0-1"]
[WhiteElo "2033"]
[BlackElo "2409"]
[PlyCount "54"]
[EventDate "2005.04.16"]
[EventType "swiss"]
[EventRounds "5"]
[EventCountry "USA"]
[Source "Mark Crowther"]
[SourceDate "2005.04.25"]

1. e4 c5 2. b3 Nc6 3. Bb2 e5 4. Nc3 d6 5. Bb5 Bd7 6. Nge2 Nf6 7. O-O a6 8. Bxc6
Bxc6 9. d3 g6 10. f4 Bg7 11. Qe1 O-O 12. fxe5 dxe5 13. Qf2 Qd6 14. Na4 Bxa4 15.
bxa4 c4 16. Rfd1 Ng4 17. Qg3 Qb6+ 18. Bd4 exd4 19. Qxg4 Qc6 20. Rab1 Qxa4 21.
Rxb7 Qxc2 22. Nf4 Rab8 23. Rxb8 Rxb8 24. Nd5 h5 25. Qf3 Rb1 26. Ne7+ Kf8 27.
Nxg6+ Ke8 0-1

[Event "Norman Warm Up"]
[Site "Norman USA"]
[Date "2004.08.21"]
[Round "1"]
[White "Kriventsov, Stanislav"]
[Black "Lee, Wellington"]
[Result "1-0"]
[WhiteElo "2500"]
[BlackElo "1703"]
[PlyCount "75"]
[EventDate "2004.08.21"]
[EventType "swiss"]
[EventRounds "5"]
[EventCountry "USA"]
[EventCategory "1"]
[Source "ChessBase"]
[SourceDate "2005.11.24"]

1. e4 Nf6 2. e5 Nd5 3. d4 d6 4. Nf3 Bg4 5. Be2 e6 6. O-O Be7 7. h3 Bh5 8. c4
Nb6 9. Nc3 d5 10. c5 N6d7 11. b4 c6 12. a4 a6 13. Bd2 b6 14. cxb6 Nxb6 15. a5
Bxf3 16. gxf3 Nc8 17. Na4 Ra7 18. Bd3 Rb7 19. Rb1 Bg5 20. f4 Bh6 21. Nc5 Ra7
22. Qh5 Ne7 23. Nxe6 Qd7 24. Nc5 Qc8 25. Be3 Ng8 26. f5 g6 27. Qh4 Bxe3 28.
fxe3 Ne7 29. f6 Nf5 30. Bxf5 gxf5 31. Qh5 Nd7 32. Qxf5 Rg8+ 33. Kh2 Rg6 34. Rg1
Qd8 35. Rxg6 hxg6 36. Qg4 Nxc5 37. bxc5 Qd7 38. Rb8+ 1-0

[Event "Norman Warm Up"]
[Site "Norman USA"]
[Date "2004.08.21"]
[Round "2"]
[White "Galant, Sergey"]
[Black "Kriventsov, Stanislav"]
[Result "0-1"]
[WhiteElo "2180"]
[BlackElo "2500"]
[PlyCount "132"]
[EventDate "2004.08.21"]
[EventType "swiss"]
[EventRounds "5"]
[EventCountry "USA"]
[EventCategory "1"]
[Source "ChessBase"]
[SourceDate "2005.11.24"]

1. e4 c5 2. c3 Nf6 3. e5 Nd5 4. d4 cxd4 5. cxd4 e6 6. Nc3 Nxc3 7. bxc3 d6 8.
Nf3 Qc7 9. Bd2 Nd7 10. exd6 Bxd6 11. Bd3 Nf6 12. O-O O-O 13. Qe2 b6 14. Bg5 Bb7
15. Bxf6 gxf6 16. c4 Kh8 17. d5 Rg8 18. Qb2 exd5 19. Qxf6+ Rg7 20. Rac1 Bf4 21.
Rc2 d4 22. Kh1 Bxf3 23. gxf3 Bxh2 24. Re2 Qd6 25. Qxd6 Bxd6 26. Re4 Bc5 27.
Rfe1 Rag8 28. Rh4 Bb4 29. Rb1 Be7 30. Rh5 Bg5 31. Rg1 h6 32. Rg4 Bc1 33. Rxg7
Kxg7 34. Rd5 Re8 35. Rxd4 Re1+ 36. Kg2 Rd1 37. Rd5 Rd2 38. Bb1 Rxd5 39. cxd5
Kf6 40. Bd3 Ke5 41. Bc4 f5 42. Kg3 Bg5 43. a4 h5 44. Ba2 f4+ 45. Kh3 Kd6 46.
Bb1 Kxd5 47. Bg6 a6 48. Bxh5 b5 49. axb5 axb5 50. Kg4 Bh6 51. Kh3 Kc4 52. Kg2
Kc3 53. Kf1 b4 54. Ke1 Kc2 55. Bg6+ Kc1 56. Bf7 Kc2 57. Bg6+ Kc1 58. Bf7 Bf8
59. Ke2 Bc5 60. Ke1 Kc2 61. Bg6+ Kb2 62. Ke2 b3 63. Kd2 Ka1 64. Kd3 Bxf2 65.
Ke4 Bg3 66. Kd4 b2 0-1

[Event "Norman Warm Up"]
[Site "Norman USA"]
[Date "2004.08.21"]
[Round "3"]
[White "Kriventsov, Stanislav"]
[Black "Movsisyan, Movses"]
[Result "1/2-1/2"]
[WhiteElo "2500"]
[BlackElo "2253"]
[PlyCount "97"]
[EventDate "2004.08.21"]
[EventType "swiss"]
[EventRounds "5"]
[EventCountry "USA"]
[EventCategory "1"]
[Source "ChessBase"]
[SourceDate "2005.11.24"]

1. e4 c5 2. Nf3 Nc6 3. d4 cxd4 4. Nxd4 g6 5. c4 Bg7 6. Be3 Nf6 7. Nc3 Ng4 8.
Qxg4 Nxd4 9. Qd1 Ne6 10. Qd2 Qa5 11. Bd3 Bxc3 12. bxc3 b6 13. O-O Bb7 14. Rab1
Qe5 15. c5 Nxc5 16. Bd4 Qd6 17. Bxh8 Qxd3 18. Qh6 Qxe4 19. f3 Qf5 20. Bd4 Ne6
21. Qe3 Rc8 22. a4 Ba6 23. Rfe1 Rc4 24. Rb4 Qd5 25. Rxc4 Qxc4 26. a5 bxa5 27.
Qe5 f6 28. Qb8+ Kf7 29. Qxa7 Nxd4 30. Qxd4 Qxd4+ 31. cxd4 a4 32. Kf2 Bc4 33.
Rc1 d5 34. Ra1 Bb3 35. f4 e5 36. fxe5 fxe5 37. Rc1 a3 38. Rc7+ Ke6 39. Rxh7 a2
40. Ra7 exd4 41. h4 Kf5 42. Kf3 d3 43. g4+ Ke5 44. Ke3 d2 45. Kxd2 Kf4 46. h5
gxh5 47. gxh5 Kg5 48. Kc3 Bc4 49. Ra5 1/2-1/2

[Event "Norman Warm Up"]
[Site "Norman USA"]
[Date "2004.08.22"]
[Round "4"]
[White "Langer, Mikhail"]
[Black "Kriventsov, Stanislav"]
[Result "1/2-1/2"]
[WhiteElo "2300"]
[BlackElo "2500"]
[PlyCount "40"]
[EventDate "2004.08.21"]
[EventType "swiss"]
[EventRounds "5"]
[EventCountry "USA"]
[EventCategory "1"]
[Source "ChessBase"]
[SourceDate "2005.11.24"]

1. e4 c5 2. Nf3 a6 3. g3 b5 4. Bg2 Bb7 5. d3 d6 6. O-O g6 7. Nh4 e5 8. f4 exf4
9. Qf3 Bg7 10. Bxf4 Nf6 11. Bg5 Nbd7 12. Bh3 Ne5 13. Qxf6 Bxf6 14. Bxf6 Qb6 15.
Bxh8 c4+ 16. Kh1 cxd3 17. Bxe5 Bxe4+ 18. Bg2 Bxg2+ 19. Nxg2 dxe5 20. cxd3 Rd8
1/2-1/2

[Event "Norman Warm Up"]
[Site "Norman USA"]
[Date "2004.08.21"]
[Round "5"]
[White "Kriventsov, Stanislav"]
[Black "Berry, Jim"]
[Result "1-0"]
[WhiteElo "2500"]
[BlackElo "1940"]
[PlyCount "61"]
[EventDate "2004.08.21"]
[EventType "swiss"]
[EventRounds "5"]
[EventCountry "USA"]
[EventCategory "1"]
[Source "ChessBase"]
[SourceDate "2005.11.24"]

1. e4 e5 2. Nf3 Nc6 3. Bb5 a6 4. Ba4 Nf6 5. O-O Nxe4 6. d4 exd4 7. Re1 d5 8.
Nxd4 Bd6 9. Nxc6 Bxh2+ 10. Kh1 Qh4 11. Rxe4+ dxe4 12. Qd8+ Qxd8 13. Nxd8+ b5
14. Bb3 Kxd8 15. Kxh2 Bb7 16. Nc3 c5 17. Bxf7 Rf8 18. Bd5 Bxd5 19. Nxd5 Rf5 20.
Nf4 Ra7 21. Be3 Re7 22. g4 Rfe5 23. c4 bxc4 24. Rc1 Rb7 25. Rc2 g5 26. Ne2 h6
27. Bc1 Rf7 28. Kg2 h5 29. gxh5 g4 30. Ng3 Rf3 31. Rxc4 1-0